| 000 | 00745nam a22001337a 4500 | ||
|---|---|---|---|
| 040 | _cRUA | ||
| 082 | _aAVM NGE 2010 B096 Or.1 | ||
| 100 | _aNGET, KIMHUOT. | ||
| 245 | _aEffect of creeping water primrose (Ludiwigia adscendens) on growth rate of quails at royal university of agriculture, សិក្សាពីឥទ្ធិពលនៃការបន្ថែមកំពីងពួយក្រៀមទៅលើការលូតលាស់របស់ក្រូចនៅសាកលវិទ្យាល័យភូមិន្ទកសិកម្ម | ||
| 260 |
_aPhnom Penh _bRUA _c2010 |
||
| 300 |
_ax; 39p. _bill. _c29cm. |
||
| 856 | _uhttps://drive.google.com/file/d/1YZbsLJqSGJcwbiCUVg6AfaTbFNz8AvQa/view?usp=sharing | ||
| 942 | _cAVM | ||
| 999 |
_c2473 _d2473 |
||